000 00486nam a2200181Ia 4500
008 240729s9999 xx 000 0 und d
022 _a2634-260X
245 0 _aJournal of Money and Business
260 _aUnited Kingdom
260 _bEmerald Publishing
650 _a Business
650 _a Commerce
650 _a Finance | Social Sciences
650 _aSocial Sciences
856 _uhttps://doaj.org/toc/d232f7374f154826a8aedb646fdad8d3
942 _2ddc
942 _cDOAJEJ
999 _c69729
_d69729
945 _a1
_bMadushi Gamage
_c1
_dMadushi Gamage